00688nam a2200205 i 4500001000300000100001700003245006500020260006300085490004200148650001500190650003100205700002000236830004200256020001500298040000800313041000800321080001400329008004100343856009800384bg1 aAPPLETON, E. 0aIndustrial robot applications /cE. Appleton, D.J. Williams. aNew York :bHalsted Press :bOpen University Press,c1987.1 aOpen University Press Robotics Series 9aAutomatyka 9aTechnologiaxautomatyzacja1 aWILLIAMS, D. J. aOpen University Press Robotics Series a0335154069 cBPK apol a681.5:621 s pl f |000 0 pol  uhttp://koha.tu.koszalin.pl/cgi-bin/koha/opac-detail.pl?biblionumber=29743yKatalog online BPK